000 01678nam0a2200397 4500
001 RU\NLR\BIBL_A\022518786
005 20260303114148.0
010 _a978-5-907754-75-1
021 _aRU
_bКН-П-25-009297
_9КН-П-25-0940
035 _a(NLR Aleph) 022518786
090 _a13555543
_c13555543
100 _a20250410d2025 c y0rusy50 ca
101 0 _arus
102 _aRU
105 _aa j 000zy
181 0 _ab3
_bxb2e
181 0 _ai2
_baxxe
182 0 _an
200 1 _aИзучаем окружающий мир
_e[для чтения взрослыми детям
_eдля детей 5-8 лет
_fКошман Л. А., Сухобокова Е. А., Пономаренко М. В. и др.
_gхудожник: Щербакова А. С.]
203 _aИзображение
_aТекст
_bвизуальные
_cнепосредственные
210 _aМосква
_cМосковский планетарий
_d[2025]
215 _a[25] с.
_cцв. ил.
_d30
225 1 _aТеатр увлекательной науки "В гостях у Звездочёта"
300 _aАвт. указаны на 4-й с. обл. в вып. дан.
606 1 _aЕстествознание
_jИздания для детей
_91049255
_3RU\NLR\AUTH\6687283
686 0 _aШ9
_bБ
701 1 _aКошман
_bЛ. А.
701 1 _aСухобокова
_bЕ. А.
701 1 _aПономаренко
_bМ. В.
712 0 2 _4475
_aМосковский планетарий
_9822404
_3RU\NLR\AUTH\8810163229
942 _cBOOK
980 _aNB